Date précise Révolution Française (1789-1793) - Statistiques

Statistiques générales
  • Ce quiz a été pris 110 fois
  • Le résultat moyen est 9 sur 11
Statistiques - réponses
Evénements Date % Correct
Prise de la Bastille 14 juillet 1789
100%
Fête de la Fédération (indice: même jour et mois que la Prise de la Bastille) 14 juillet 1790
91%
Abolition des privilèges 4 août 1789
90%
Exécution de Louis XVI 21 janvier 1793
88%
Déclération des droits de l'homme et du citoyen 26 août 1789
88%
Serment du Jeu de paume 20 juin 1789
85%
Ouverture des Etats Généraux 5 mai 1789
84%
Prise des Tuileries 10 août 1792
69%
Fuite à Varennes du roi Louis XVI et de sa famille 20 juin 1791
59%
Abolition de la monarchie 21 septembre 1792
56%
Victoire de Valmy 20 septembre 1792
53%
Aucun quiz correspondant
Distribution des résultats
% des personnes avec chaque résultat
Percentile par nombre de réponses
Votre historique - résultats
Vous n’avez pas pris ce quiz